Refranes y dichos #3 - Estadísticas

Estadísticas generales
  • Esta prueba ha sido intentada 628 veces
  • La puntuación promedio es 17 de 20
Estadísticas de respuestas
Hint Respuesta % Correcto
ojos que no ven... corazón que no siente
100%
ojo por ojo, ... diente por diente
98%
al pan, pan y... al vino, vino
97%
un clavo saca... otro clavo
97%
si la vida te da limones... haz limonada
93%
siempre pagan justos por... pecadores
93%
más sabe el diablo por viejo que... por diablo
93%
cuando el río suena... agua lleva
92%
no es oro todo lo que... reluce
89%
hierba mala... nunca muere
88%
cree el ladrón que... todos son de su condición
88%
la cabra tira al... monte
87%
nunca digas de este agua... no beberé
86%
cada maestrillo tiene su... librillo
85%
vísteme despacio que... tengo prisa
84%
cría cuervos y... te sacarán los ojos
82%
piensa mal y... acertarás
74%
la excepción hace... la regla
71%
por un perro que maté ____ me llamaron mataperros
61%
quién se pica... ajos come
42%
No se encontraron pruebas coincidentes
Distribución de puntuación
Porcentaje de gente con cada puntuación
Porcentaje por número respondido
Historial de tus puntuaciones
No has intentado esta prueba.